Statystyki dla Najwyższe szczyty państw Europy

Kliknij tutaj aby rozwiązać quiz!

Ogólne statystyki

  • Ten quiz został rozwiązany 234 razy
  • Średni wynik to 8 z 44

Statystyki odpowiedzi

PaństwoWysokośćNazwa szczytu% Poprawnych
Polska2499Rysy (wierzchołek NW)
96%
Francja4809Mont Blanc
83%
Włochy4809Monte Bianco
83%
Słowacja2655Gerlach
70%
Czechy1603Śnieżka
45%
Niemcy2962Zugspitze
44%
Słowenia2864Triglav
30%
Austria3798Großglockner
27%
Wielka Brytania1345Ben Nevis
26%
Portugalia (Azory)2351Pico
24%
Ukraina2061Howerla
23%
Szwajcaria4634Dufourspitze
19%
Rumunia2544Moldoveanu
18%
Bułgaria2925Musała
18%
Watykan75Wzgórze Watykańskie
18%
Węgry1014Kékes
15%
Albania2764Golem Korab
12%
Macedonia Północna2764Golem Korab
12%
Hiszpania3718Teide
12%
San Marino739Monte Titano
11%
Grecja2918Mitikas
10%
Bośnia i Hercegowina2386Maglić
8%
Andora2942Pic de Coma Pedrosa
8%
Chorwacja1831Vrh Dinare
8%
Czarnogóra2534Zla Kolata
8%
Norwegia2469Galdhøpiggen
7%
Serbia2169Midżur
7%
Litwa294Wysoka Góra
7%
Liechtenstein2599Grauspitz
6%
Irlandia1039Carrantuohill
5%
Białoruś345Dzierżyńska Góra
5%
Finlandia (najwyższy punkt)1324Halti
5%
Szwecja2097Kebnekaise
5%
Luksemburg560Kneiff
5%
Dania (Grenlandia)3694Góra Gunnbjørna
4%
Islandia2110Hvannadalshnúkur
4%
Kosowo2658Wielka Rudoka
4%
Holandia (Saba)887Mount Scenery
3%
Belgia694Signal de Botrange
3%
Estonia317Suur Munamägi
2%
Malta253Ta’ Dmejrek
2%
Mołdawia430Dealul Bălănești
1%
Łotwa312Gaiziņkalns
1%
Monako (najwyższy punkt)161Mont Agel
1%

Rozkład punktacji

Percentyl według liczby udzielonych odpowiedzi

Procent ludzi z każdym wynikiem

Twoja historia wyników

Nie rozwiązałeś tego quizu